Loading...
| Fine Arts - Auditory Fine Arts | 1 | 2 | 0 | 0 | 35 | 77 | 126.33 | 0 | 3 |
| Literature - European Literature | 0 | 3 | 0 | 1 | 30 | 105 | 134.67 | 1 | 1 |
| Current Events | 0 | 2 | 0 | 0 | 20 | 88 | 95.50 | 0 | 1 |
| Religion | 0 | 2 | 0 | 0 | 20 | 114 | 115.00 | 0 | 2 |
| Social Science | 0 | 2 | 1 | 0 | 15 | 120 | 125.50 | 0 | 0 |
| History - World History | 0 | 2 | 1 | 0 | 15 | 90 | 106.50 | 1 | 2 |
| Literature - British Literature | 0 | 2 | 1 | 1 | 15 | 152 | 154.50 | 0 | 1 |
| Geography | 1 | 0 | 1 | 0 | 10 | 13 | 13.00 | 1 | 1 |
| Fine Arts - Visual Fine Arts | 0 | 2 | 2 | 1 | 10 | 86 | 118.00 | 1 | 2 |
| Science - Other Science | 0 | 1 | 0 | 0 | 10 | 122 | 122.00 | 0 | 1 |
| Literature - American Literature | 0 | 1 | 0 | 0 | 10 | 154 | 154.00 | 0 | 1 |
| Literature - World Literature | 0 | 0 | 0 | 0 | 0 | 0.00 | 0 | 0 | |
| History - Ancient History | 0 | 0 | 1 | 0 | -5 | 0.00 | 0 | 0 | |
| History - European History | 0 | 0 | 2 | 0 | -10 | 0.00 | 0 | 0 |